000 00585nam a2200169Ia 4500
003 GCL
008 140319s9999 xx 000 0 ara d
040 _aGCL /
_cGCL
082 0 4 _a658.02
_bم م
100 1 _aمحمد ماهر عليش
245 1 0 _aمسئولية الادارة فى المشروع الحديث (هدية من الاديب عبدالفتاح الجمل) /
_cمحمد ماهر عليش
300 _a65 ص
490 _aالهيئة العامة للاستعلامات
_v0
650 0 4 _aالادارة
650 0 4 _aالقانون الادارى
942 _2ddc
_cBK
999 _c47199
_d47199